| 000 | 00499nam a2200193Ia 4500 | ||
|---|---|---|---|
| 003 | IN-BaIIA | ||
| 008 | 211028s9999 xx 000 0 eng d | ||
| 020 | _a978-0-8493-8313-7 | ||
| 040 | _cIIA Library | ||
| 080 |
_a535 _bAL |
||
| 100 |
_aAl-Azzawi, Abdul _931056 |
||
| 245 | 0 |
_aLight and optics _bprinciples and practices _cAbdul Al-Azzawi |
|
| 250 | _a1st Indian ed. | ||
| 260 |
_aBoca Raton _bCRC Press _c2014 |
||
| 300 | _a378p. | ||
| 650 |
_aLight _92428 |
||
| 650 | _aOPtics | ||
| 942 | _cBK | ||
| 999 |
_c18925 _d18925 |
||